Digitazione veloce da 1 a 100 con un dito - Statistics

Statistiche generali
  • Questo quiz è stato fatto 630 volte
  • Il punteggio medio è 71 su 100
Statistiche sulle risposte
# % Corretto
1
100%
3
99%
2
98%
4
98%
5
98%
6
98%
7
98%
8
98%
9
98%
10
92%
11
92%
12
91%
13
90%
14
90%
23
90%
15
89%
16
89%
21
89%
22
89%
17
88%
18
88%
19
88%
20
88%
25
87%
24
86%
26
86%
28
86%
27
85%
29
85%
33
85%
30
84%
34
84%
31
83%
32
82%
35
82%
36
82%
44
82%
37
81%
38
80%
43
80%
45
80%
39
79%
40
79%
41
79%
42
79%
46
79%
48
78%
47
77%
55
77%
56
76%
49
75%
53
75%
50
74%
51
74%
52
74%
54
74%
57
72%
58
72%
59
71%
60
71%
62
69%
66
69%
61
68%
65
68%
63
67%
64
65%
67
64%
68
61%
69
61%
70
60%
71
56%
72
56%
77
56%
73
55%
74
54%
75
53%
76
52%
78
52%
79
48%
80
48%
81
48%
82
48%
83
47%
88
46%
84
45%
85
45%
87
44%
86
43%
89
42%
90
42%
99
41%
92
39%
91
37%
93
34%
94
34%
95
34%
96
34%
97
33%
100
32%
98
32%
Nessun quiz corrispondente trovato
Distribuzione punteggi
Percentuale di utenti per punteggio
Percentile per numero di risposta
I tuoi punteggi nel tempo
Non hai fatto questo quiz